00301nam a2200121Ia 4500008004100000041000900041082001800050100002500068245003300093260003700126300000800163650000800171230718s9999 xx 000 0 und d aEng. a346247bMEN-N aMenelelsolrn, Martin 0aNegotiable and International aPakistanbSweet and Moudlec2002 a266 aLaw